| 000 | 00608nam a22002177a 4500 | ||
|---|---|---|---|
| 001 | 4808255 | ||
| 003 | OSt | ||
| 005 | 20230602142028.0 | ||
| 008 | 880708s1987 fr 000 0 eng | ||
| 010 | _a 88158772 | ||
| 020 | _z9231025050 | ||
| 040 |
_aDLC _cDLC _dDLC |
||
| 082 |
_a302.2308220 _bUNE |
||
| 245 | 0 | 0 |
_aWomen and media decision-making : _bthe invisible barriers. |
| 260 |
_aParis : _bUnesco, _c1987. |
||
| 300 |
_a121 p. ; _c21 cm. |
||
| 710 | 2 | _aUnesco. | |
| 906 |
_a7 _bcbc _corignew _d3 _encip _f19 _gy-gencatlg |
||
| 942 |
_2ddc _cBK |
||
| 999 |
_c172 _d172 |
||